La réponse est un fleuve ou une rivière - Statistiques

Statistiques générales
  • Ce quiz a été pris 43 fois
  • Le résultat moyen est 9 sur 18
Statistiques - réponses
Indice Réponse % Correct
Plus grand des félins Tigre
85%
On peut dormir comme ce rongeur Loir
83%
Avant l'aurore Aube
78%
Entreprise de télécommunications, ville du Vaucluse, agrume ou couleur Orange
78%
Fort sentiment d'affection et d'attachement Amour
76%
Résultat d'une addition Somme
73%
Etat du nord-est des Etats-Unis, dont la capitale est Augusta Maine
54%
Embelli, décore Orne
49%
Un chercheur d'or le fait lorsqu'il veut séparer les pépites des cailloux et résidus Tamise
49%
Eprouver de l'affection pour une personne en fait un être... Cher
46%
Chéri ou chérie britannique, notamment Darling
46%
Dunham, Headey ou Situations, par exemple Lena
46%
Vide à l'intérieur Creuse
39%
Paysanne libre, au Moyen Âge Vilaine
24%
Par cette action, on peut par exemple créer de l'acier, à partir de fer et de carbone Allier
17%
Roche composée d'argile et de calcaire Marne
17%
Avec un "e" de moins, élément chimique de numéro atomique 117 Tennessee
17%
Arbre européen dans les milieux humides Aulne
7%
Aucun quiz correspondant
Distribution des résultats
% des personnes avec chaque résultat
Percentile par nombre de réponses
Votre historique - résultats
Vous n’avez pas pris ce quiz